000 00355 a2200157 4500
001 59919
020 _a3785553536
040 _cAnchieta - Pituba
100 _aSchwindt, Peter
240 1 0 _aJustin time das portal
_lpor
245 1 0 _aJustin time das portal
300 _a264
362 0 _a2005
650 4 _aLiteratura juvenil em alemão
942 _cBK
999 _c59919
_d59919